000 00318nam a22001337a 4500
008 180809b xxu||||| |||| 00| 0 eng d
020 _a0838561969
041 _aeng
080 _a616.053
100 _a7
101 _aKAR
245 _aMechanical support of the failing heart and lungs
_cBERGMAN.D
942 _2udc
_cBK
999 _c46963
_d46963